[Event "DSOL 2021"]
[Site "Germany"]
[Date "2021.02.11"]
[Round "3.1"]
[White "Colbow, Collin"]
[Black "Holtel, Jasper"]
[Result "1/2-1/2"]
[WhiteElo "2339"]
[BlackElo "2305"]
[Annotator "TA"]
[PlyCount "361"]
[EventDate "2021.01.18"]
[EventType "team-tourn"]
[EventCountry "GER"]
[SourceTitle "playchess.com"]
[Source "ChessBase"]
[SourceQuality "1"]

1. e4 Nf6 2. e5 Nd5 3. c4 Nb6 4. d4 d6 5. exd6 cxd6 6. Nc3 g6 7. Be3 Bg7 8. Rc1 O-O 9. b3 Bf5 10. Nf3 d5 11. c5 Nc8 12. Be2 Nc6 13. O-O Bg4 14. b4 a6 15. Rb1 e6 16. a4 N8e7 17. b5 axb5 18. axb5 Na5 19. b6 Nf5 20. Nb5 Nc6 21. Qd2 Bxf3 22. Bxf3 Ra4 23. Bd1 Rxd4 24. Bxd4 Ncxd4 25. Ba4 Qe7 26. Nxd4 Nxd4 27. Rfc1 Rc8 28. c6 bxc6 29. b7 Rb8 30. Bxc6 Nxc6 31. Rxc6 Rxb7 32. Rc8+ Bf8 33. Ra1 Ra7 34. Rxa7 Qxa7 35. g3 Qb7 36. Qc2 Qb4 37. h4 h5 38. Qc7 d4 39. Kg2 d3 40. Rd8 Qe4+ 41. Kh2 Qf5 42. Kg1 d2 43. Rxd2 Bc5 44. Qc6 Kg7 45. Kg2 Be7 46. Qf3 Qb5 47. Rd4 Bf8 48. Rf4 Qd7 49. Qc3+ Kg8 50. Rd4 Qb7+ 51. Qf3 Qc7 52. Ra4 Be7 53. Qa8+ Kg7 54. Ra7 Qc5 55. Qb7 Kf8 56. Qd7 Qd6 57. Ra8+ Kg7 58. Qe8 Bf8 59. Qb8 Qxb8 60. Rxb8 Bd6 61. Rb7 Kf6 62. Kf3 Bc5 63. Rc7 Bd4 64. Kg2 e5 65. f3 Ke6 66. Kh3 f5 67. Rc6+ Kf7 68. Kg2 Kg7 69. Kf1 Kf7 70. Ke2 Kg7 71. Rd6 Kf7 72. Ra6 Kg7 73. Ra2 Bc3 74. Rc2 Bb4 75. Rb2 Bc3 76. Rc2 Bb4 77. Rc4 Bd6 78. Rc6 Bb4 79. Re6 Kf7 80. Rb6 Bc5 81. Rb5 Bd4 82. Ra5 Kg7 83. Ra6 Kf7 84. Ra2 Bc3 85. Rc2 Bb4 86. Rc1 Bd6 87. Rb1 Bc5 88. Rb2 Bd6 89. Rb6 Bc5 90. Rc6 Bd4 91. Ra6 Bc5 92. Ra2 Bb4 93. Ra1 Bc5 94. Ra2 Bb4 95. Kd1 Bc5 96. Rg2 Ke6 97. Rc2 Kd5 98. Ke2 Bd6 99. Rd2+ Ke6 100. Kf2 Bc5+ 101. Kg2 Bd4 102. Ra2 Kf6 103. Ra6+ Kf7 104. g4 fxg4 105. fxg4 hxg4 106. Kg3 Be3 107. Kxg4 Bf4 108. Kf3 Kg7 109. Ra7+ Kf6 110. Ke4 Bg3 111. Rh7 Bf4 112. Kf3 Kf5 113. Rf7+ Ke6 114. Rf8 Ke7 115. Ra8 Kf6 116. Kg4 Kf7 117. Ra6 Kg7 118. h5 gxh5+ 119. Kxh5 Kf7 120. Kg4 Ke7 121. Kf5 Kd7 122. Re6 Kc7 123. Ke4 Kd7 124. Kd5 Kc7 125. Rg6 Kb7 126. Rc6 Be3 127. Kd6 Bd4 128. Kd7 Bb6 129. Rc4 Ba5 130. Rc5 Bb6 131. Rxe5 Bd4 132. Rb5+ Ka8 133. Kc7 Bf2 134. Rb4 Bg3+ 135. Kc6 Ka7 136. Rb7+ Ka8 137. Kb6 Bf2+ 138. Ka6 Bg3 139. Rg7 Be5 140. Re7 Bg3 141. Kb6 Bf2+ 142. Kc6 Bg3 143. Rf7 Be5 144. Rd7 Bg3 145. Re7 Bf2 146. Kc7 Bg3+ 147. Kc8 Bf2 148. Re2 Bb6 149. Re4 Bf2 150. Re8 Ka7 151. Kc7 Bg3+ 152. Kc6 Bf2 153. Re4 Ka8 154. Ra4+ Kb8 155. Rb4+ Ka8 156. Kc7 Bg3+ 157. Kc8 Bf2 158. Rb3 Bd4 159. Rb8+ Ka7 160. Rb4 Bf2 161. Ra4+ Kb6 162. Kb8 Bg3+ 163. Ka8 Bh2 164. Ra7 Bc7 165. Rb7+ Kc6 166. Ka7 Bd6 167. Rb6+ Kd5 168. Ka6 Bc5 169. Rg6 Bd4 170. Kb5 Be3 171. Rg4 Bd2 172. Rg1 Be3 173. Rd1+ Bd4 174. Rd3 Ke4 175. Kc4 Be5 176. Rd1 Bf4 177. Re1+ Be3 178. Re2 Kf3 179. Kd3 Bf2 180. Re8 Bg3 181. Rg8 1/2-1/2

[Event "DSOL 2021"]
[Site "Germany"]
[Date "2021.02.08"]
[Round "3.1"]
[White "Nguyen, Alex Dac-Vuong"]
[Black "Schwekendiek, Ulrich"]
[Result "1-0"]
[WhiteElo "2307"]
[BlackElo "2271"]
[Annotator "TA"]
[PlyCount "69"]
[EventDate "2021.01.18"]
[EventType "team-tourn"]
[EventCountry "GER"]
[SourceTitle "playchess.com"]
[Source "ChessBase"]
[SourceQuality "1"]

1. e4 d6 2. d4 Nf6 3. f3 c6 4. Ne2 Nbd7 5. c4 g6 6. Nbc3 Bg7 7. Be3 Rb8 8. Ng3 Qc7 9. Qd2 a6 10. a4 h5 11. Bd3 c5 12. O-O cxd4 13. Bxd4 Nc5 14. Nd5 Qd8 15. Bc2 e5 16. Nxf6+ Bxf6 17. Be3 O-O 18. Rfd1 Be7 19. b4 Ne6 20. a5 Ng7 21. Bb6 Bg5 22. Bxd8 Bxd2 23. Bc7 Be3+ 24. Kh1 Ra8 25. Bxd6 Re8 26. Ra3 Bg5 27. Ba4 Rd8 28. Bxe5 Be6 29. Rxd8+ Rxd8 30. f4 Be7 31. c5 Rd2 32. Bc3 Rf2 33. f5 Bc4 34. Kg1 Rf4 35. Be5 1-0

[Event "DSOL 2021"]
[Site "Germany"]
[Date "2021.02.11"]
[Round "3.1"]
[White "Ritscher, Jan-Paul"]
[Black "Altenhof, Martin"]
[Result "1-0"]
[WhiteElo "2254"]
[BlackElo "2198"]
[Annotator "TA"]
[PlyCount "131"]
[EventDate "2021.01.18"]
[EventType "team-tourn"]
[EventCountry "GER"]
[SourceTitle "playchess.com"]
[Source "ChessBase"]
[SourceQuality "1"]

1. d4 Nf6 2. g3 g6 3. Bg2 Bg7 4. e4 d6 5. h3 O-O 6. Nc3 e5 7. Nge2 c6 8. a4 a5 9. Be3 Na6 10. O-O Qc7 11. g4 Re8 12. Qd2 Nb4 13. Ng3 Nd7 14. Rac1 Nf8 15. Nce2 Ne6 16. c3 Na6 17. f4 exf4 18. Nxf4 Nxf4 19. Bxf4 Be6 20. Ne2 Bc4 21. Rf2 Rad8 22. Bh6 b5 23. Bxg7 Kxg7 24. axb5 cxb5 25. Ng3 Qe7 26. Bf1 Bxf1 27. Rcxf1 Rf8 28. Kg2 Nc7 29. h4 h6 30. h5 Qg5 31. Qxg5 hxg5 32. Kf3 Ne6 33. Ke3 Nf4 34. hxg6 Kxg6 35. Rh2 Rh8 36. Rfh1 Rxh2 37. Rxh2 Kf6 38. Rh6+ Ng6 39. Nf5 Ke6 40. Kd3 Rb8 41. Rh1 a4 42. Kc2 b4 43. Ra1 b3+ 44. Kd2 Ra8 45. c4 Nh4 46. Ne3 Ng6 47. Nd5 Rh8 48. Rxa4 Rh2+ 49. Kc3 Rh3+ 50. Kb4 Rg3 51. Ra8 f6 52. Re8+ Kf7 53. Rd8 Ke6 54. Nc3 Rxg4 55. Kxb3 Rg2 56. c5 dxc5 57. dxc5 Ne5 58. Rd6+ Kf7 59. Nd5 Nd3 60. Rxf6+ Kg7 61. c6 Nc5+ 62. Kc4 Nxe4 63. Re6 Nd2+ 64. Kd3 Kf7 65. Re7+ Kg6 66. c7 1-0

[Event "DSOL 2021"]
[Site "Germany"]
[Date "2021.02.09"]
[Round "3.1"]
[White "Kersten, Uwe"]
[Black "von Zimmermann, Georg"]
[Result "1/2-1/2"]
[WhiteElo "2252"]
[BlackElo "2094"]
[Annotator "TA"]
[PlyCount "111"]
[EventDate "2021.01.18"]
[EventType "team-tourn"]
[EventCountry "GER"]
[SourceTitle "playchess.com"]
[Source "ChessBase"]
[SourceQuality "1"]

1. e4 c5 2. Nf3 Nc6 3. Bb5 Nf6 4. Bxc6 dxc6 5. d3 g6 6. h3 Bg7 7. Nc3 Qc7 8. Be3 b6 9. Qd2 e5 10. Bh6 Bxh6 11. Qxh6 Qe7 12. Qg7 Rg8 13. Qh6 Ba6 14. Qe3 O-O-O 15. b3 g5 16. g4 c4 17. bxc4 h5 18. Rg1 hxg4 19. hxg4 Nd7 20. Ne2 f6 21. Ng3 Qb4+ 22. Kf1 Nc5 23. Kg2 Ne6 24. Rgb1 Qf8 25. Nf5 Nf4+ 26. Kg3 Rh8 27. Rh1 Qa3 28. Rxh8 Rxh8 29. Ng1 Rd8 30. Qc1 Qc5 31. Kf3 Rh8 32. Ne2 Rh3+ 33. Nfg3 Ng6 34. Kg2 Rh4 35. f3 Rh7 36. Nh5 Qe7 37. a4 Bb7 38. a5 Nh4+ 39. Kg3 c5 40. axb6 axb6 41. Qb2 f5 42. Qxb6 fxg4 43. fxg4 Rf7 44. Ng1 Qf8 45. Qe6+ Kd8 46. Qxe5 Rf3+ 47. Kh2 Rf2+ 48. Kh1 Nf3 49. Qb8+ Bc8 50. Qb6+ Ke8 51. Qc6+ Kd8 52. Qd5+ Ke8 53. Qc6+ Kd8 54. Qb6+ Ke8 55. Qg6+ Kd8 56. Qb6+ 1/2-1/2

[Event "DSOL 2021"]
[Site "Germany"]
[Date "2021.02.10"]
[Round "3.1"]
[White "Bente, Bjoern"]
[Black "Haub, Thorsten Michael"]
[Result "0-1"]
[WhiteElo "2226"]
[BlackElo "2426"]
[Annotator "TA"]
[PlyCount "54"]
[EventDate "2021.01.18"]
[EventType "team-tourn"]
[EventCountry "GER"]
[SourceTitle "playchess.com"]
[Source "ChessBase"]
[SourceQuality "1"]

1. d4 g6 2. c4 Bg7 3. Nc3 c5 4. d5 Nf6 5. e4 d6 6. Nf3 O-O 7. Be2 e6 8. O-O exd5 9. exd5 Re8 10. Bf4 Nh5 11. Bg5 f6 12. Be3 f5 13. g3 Nd7 14. Ng5 Rxe3 15. Ne6 Rxe6 16. dxe6 Ndf6 17. Bf3 Bxe6 18. Bxb7 Rb8 19. Bd5 Nxd5 20. Nxd5 Nf6 21. Rb1 Nxd5 22. cxd5 Bf7 23. b3 Bd4 24. Qf3 Qd7 25. h4 Qb7 26. h5 Bxd5 27. Qf4 Bh1 0-1

[Event "DSOL 2021"]
[Site "Germany"]
[Date "2021.02.11"]
[Round "3.1"]
[White "Mohaupt, Sascha"]
[Black "Linseisen, Stefan"]
[Result "1/2-1/2"]
[WhiteElo "2198"]
[BlackElo "2047"]
[Annotator "TA"]
[PlyCount "170"]
[EventDate "2021.01.18"]
[EventType "team-tourn"]
[EventCountry "GER"]
[SourceTitle "playchess.com"]
[Source "ChessBase"]
[SourceQuality "1"]

1. d4 g6 2. e4 d6 3. Nc3 Bg7 4. h3 a6 5. a4 Nf6 6. Be3 Nc6 7. Nge2 O-O 8. g4 h5 9. g5 Nh7 10. Bg2 e5 11. dxe5 dxe5 12. Qxd8 Nxd8 13. Nd5 Ne6 14. Ne7+ Kh8 15. Nxc8 Raxc8 16. h4 Rfd8 17. Bh3 Nhf8 18. c3 Rd6 19. Rd1 Rcd8 20. Rxd6 Rxd6 21. Nc1 a5 22. Ke2 Kg8 23. Nd3 b6 24. Rb1 Rc6 25. f3 Rc4 26. Ra1 f6 27. Kd2 fxg5 28. hxg5 Kf7 29. b4 Rc6 30. bxa5 bxa5 31. Rb1 Nf4 32. Bc8 N8e6 33. Bxe6+ Nxe6 34. Rb5 Rd6 35. Ke2 Rc6 36. Kd2 Rd6 37. Ke2 Rc6 38. Bd2 Ra6 39. Nc5 Rb6 40. Rxa5 Nxc5 41. Rxc5 c6 42. Be1 Ra6 43. c4 Ra7 44. Rxc6 Rxa4 45. Rc7+ Kg8 46. c5 Bf8 47. Rc8 Kf7 48. Bc3 h4 49. Bxe5 h3 50. c6 Bg7 51. Rc7+ Ke6 52. Rxg7 Kxe5 53. Rh7 Rc4 54. Rxh3 Kf4 55. Rh7 Rxc6 56. Rf7+ Kxg5 57. Ke3 Ra6 58. Kf2 Kh6 59. f4 Ra2+ 60. Kf3 Ra3+ 61. Kg4 Re3 62. e5 Re1 63. Ra7 Re3 64. Rb7 Re1 65. Rc7 Re3 66. Re7 Re1 67. Kf3 g5 68. f5 Rf1+ 69. Ke4 Rf4+ 70. Kd5 Rxf5 71. Ke6 Rf1 72. Re8 Kg7 73. Ra8 Kg6 74. Rg8+ Kh5 75. Ke7 g4 76. e6 Kh4 77. Rh8+ Kg3 78. Kd8 Rd1+ 79. Ke8 Ra1 80. Rg8 Kf3 81. e7 g3 82. Kf8 Ra8+ 83. e8=Q Rxe8+ 84. Kxe8 g2 85. Rxg2 Kxg2 1/2-1/2

[Event "DSOL 2021"]
[Site "Germany"]
[Date "2021.02.11"]
[Round "3.1"]
[White "Skibbe, Willi"]
[Black "Eilenberg, Jonas"]
[Result "1-0"]
[WhiteElo "2187"]
[BlackElo "2155"]
[Annotator "TA"]
[PlyCount "99"]
[EventDate "2021.01.18"]
[EventType "team-tourn"]
[EventCountry "GER"]
[SourceTitle "playchess.com"]
[Source "ChessBase"]
[SourceQuality "1"]

1. e4 c5 2. d3 Nc6 3. f4 g6 4. Nf3 Bg7 5. Be2 e6 6. O-O Nge7 7. c3 d5 8. e5 O-O 9. Na3 a6 10. d4 f6 11. exf6 Bxf6 12. dxc5 Nf5 13. g4 Nfe7 14. Be3 e5 15. fxe5 Nxe5 16. Nxe5 Bxe5 17. Rxf8+ Qxf8 18. Qf1 Qg7 19. Nc2 Nc6 20. Rd1 Be6 21. Bf3 Rf8 22. Qg2 Ne7 23. Nd4 Qf7 24. Nxe6 Qxf3 25. Qxf3 Rxf3 26. Bg5 Bf6 27. Rf1 Rxf1+ 28. Kxf1 Be5 29. Bf4 Bf6 30. g5 Bh8 31. Nd8 d4 32. c4 d3 33. b3 Bc3 34. Nxb7 Bb4 35. Kf2 Nf5 36. c6 d2 37. c7 d1=Q 38. c8=Q+ Kg7 39. Be5+ Kf7 40. Nd8+ Kf8 41. Nc6+ Kf7 42. Qc7+ Be7 43. Nxe7 Qd2+ 44. Kf3 Qe3+ 45. Kg4 h5+ 46. gxh6 Nxh6+ 47. Kh4 g5+ 48. Kh5 Qh3+ 49. Kxg5 Qg2+ 50. Kxh6 1-0

[Event "DSOL 2021"]
[Site "Germany"]
[Date "2021.02.12"]
[Round "3.1"]
[White "Borgmeyer, Max"]
[Black "Krause, Ullrich"]
[Result "1-0"]
[WhiteElo "2182"]
[BlackElo "2208"]
[Annotator "TA"]
[PlyCount "77"]
[EventDate "2021.01.18"]
[EventType "team-tourn"]
[EventCountry "GER"]
[SourceTitle "playchess.com"]
[Source "ChessBase"]
[SourceQuality "1"]
[WhiteTeam "Königsspringer Hamburg "]
[BlackTeam "Lübecker SV"]

1. e4 e6 2. d4 d5 3. Nc3 Bb4 4. e5 c5 5. a3 Bxc3+ 6. bxc3 Qa5 7. Bd2 Qa4 8. Nf3 b6 9. Bd3 Ba6 10. O-O Bxd3 11. cxd3 Qxd1 12. Rfxd1 Nc6 13. dxc5 bxc5 14. Be3 Rc8 15. Rab1 Nge7 16. Rb7 d4 17. cxd4 cxd4 18. Bxd4 Nxd4 19. Nxd4 Ng6 20. Nb5 O-O 21. d4 a6 22. Nd6 Rc3 23. g3 Rxa3 24. Rc1 Rd3 25. Rcc7 Nh8 26. Rc4 h5 27. Ra7 h4 28. Kg2 Ra3 29. d5 exd5 30. Rcc7 Rd8 31. Nxf7 Nxf7 32. Rxf7 Re8 33. Rxg7+ Kh8 34. Rgd7 hxg3 35. hxg3 Ra2 36. e6 Re2 37. e7 Kg7 38. Rxa6 R8xe7 39. Rad6 1-0

[Event "DSOL 2021"]
[Site "Germany"]
[Date "2021.02.08"]
[Round "3.1"]
[White "Perestjuk, Marko"]
[Black "Ewert, Hannes"]
[Result "0-1"]
[WhiteElo "2160"]
[BlackElo "2266"]
[Annotator "TA"]
[PlyCount "88"]
[EventDate "2021.01.18"]
[EventType "team-tourn"]
[EventCountry "GER"]
[SourceTitle "playchess.com"]
[Source "ChessBase"]
[SourceQuality "1"]

1. e4 e5 2. Nf3 Nc6 3. Bb5 a6 4. Ba4 Nf6 5. O-O Be7 6. Re1 b5 7. Bb3 d6 8. c3 Nb8 9. d4 exd4 10. cxd4 O-O 11. Bg5 Bb7 12. Nbd2 c5 13. e5 dxe5 14. dxe5 Ng4 15. Bf4 Nc6 16. Qe2 c4 17. Bc2 Nb4 18. Ne4 Qb6 19. h3 f5 20. Nd6 Bxf3 21. gxf3 Qxf2+ 22. Qxf2 Nxf2 23. Bxf5 Bxd6 24. Be6+ Kh8 25. exd6 Rxf4 26. Kxf2 Nc2 27. d7 Rd8 28. Rad1 Nxe1 29. Rxe1 g6 30. Kg3 Rd4 31. Bg4 Kg7 32. Re8 R8xd7 33. Bxd7 Rxd7 34. Re6 Rd2 35. Rxa6 Rxb2 36. a4 b4 37. Rc6 c3 38. a5 c2 39. a6 Ra2 40. Rc7+ Kf6 41. a7 b3 42. Kf4 Rxa7 43. Rc3 Rb7 44. Ke3 b2 0-1

[Event "DSOL 2021"]
[Site "Germany"]
[Date "2021.02.11"]
[Round "3.1"]
[White "Kraemer, Stefan"]
[Black "Steffens, Olaf"]
[Result "0-1"]
[WhiteElo "2149"]
[BlackElo "2145"]
[Annotator "TA"]
[PlyCount "58"]
[EventDate "2021.01.18"]
[EventType "team-tourn"]
[EventCountry "GER"]
[SourceTitle "playchess.com"]
[Source "ChessBase"]
[SourceQuality "1"]

1. e4 Nc6 2. Nf3 d6 3. d4 Nf6 4. Nc3 g6 5. Be3 Bg7 6. Qd2 Ng4 7. Bg5 h6 8. Bh4 Nf6 9. O-O-O g5 10. Bg3 Nh5 11. Qe3 g4 12. Ne1 Nxg3 13. hxg3 e5 14. dxe5 Nxe5 15. Nd3 Nc4 16. Qe1 c6 17. Nf4 b5 18. Bxc4 bxc4 19. Qe2 Rb8 20. Qxc4 O-O 21. Rh5 Qb6 22. Qb3 Qc7 23. Qa3 Qb6 24. Nd3 Ba6 25. Nf4 Qxf2 26. Qxa6 Qe3+ 27. Rd2 Bxc3 28. bxc3 Qe1+ 29. Rd1 Rb1+ 0-1

[Event "DSOL 2021"]
[Site "Germany"]
[Date "2021.02.11"]
[Round "3.1"]
[White "Buring, Matthias"]
[Black "Lesny, Florian"]
[Result "0-1"]
[WhiteElo "2127"]
[BlackElo "2180"]
[Annotator "RC"]
[PlyCount "112"]
[EventDate "2021.01.18"]
[EventType "team-tourn"]
[EventCountry "GER"]
[SourceTitle "playchess.com"]
[Source "ChessBase"]
[SourceQuality "1"]

1. d4 d5 2. Nf3 Nf6 3. Bf4 e6 4. Nbd2 c5 5. e3 Nc6 6. c3 Bd6 7. Ne5 Qc7 8. Ndf3 Nd7 9. Nxc6 bxc6 10. Bxd6 Qxd6 11. Bd3 O-O 12. O-O e5 13. e4 cxd4 14. cxd4 exd4 15. Nxd4 Ne5 16. Bc2 Rb8 17. exd5 cxd5 18. b3 Ng4 19. g3 Qh6 20. h4 Ne5 21. Re1 Re8 22. Re3 Bg4 23. Qe1 Qf6 24. f4 Nf3+ 25. Nxf3 Rxe3 26. Qxe3 Qxa1+ 27. Ne1 Rc8 28. Bd3 Bd7 29. Kf2 Re8 30. Qd2 Qd4+ 31. Kg2 Bf5 32. Qf2 Qxf2+ 33. Kxf2 Rxe1 34. Bxf5 Ra1 35. a4 Ra3 36. Bd7 Rxb3 37. h5 Kf8 38. Bc6 d4 39. g4 Ke7 40. g5 h6 41. Ke2 f6 42. gxh6 gxh6 43. Bd5 Rh3 44. Bc6 Kd6 45. Be4 Rxh5 46. Kd3 Kc5 47. Bg6 Rh3+ 48. Ke4 d3 49. Bf5 d2 50. Bg4 Rh1 51. Kf5 d1=Q 52. Bxd1 Rxd1 53. Kxf6 Rf1 54. f5 Kd6 55. Kg6 Ke7 56. Kxh6 Rxf5 0-1

[Event "DSOL 2021"]
[Site "Germany"]
[Date "2021.02.11"]
[Round "3.1"]
[White "Leidorf, Sebastian"]
[Black "Leibovitch, Iziaslav"]
[Result "1-0"]
[WhiteElo "2118"]
[BlackElo "2074"]
[Annotator "TA"]
[PlyCount "115"]
[EventDate "2021.01.18"]
[EventType "team-tourn"]
[EventCountry "GER"]
[SourceTitle "playchess.com"]
[Source "ChessBase"]
[SourceQuality "1"]

1. c4 Nf6 2. g3 g6 3. Bg2 Bg7 4. Nc3 O-O 5. e4 d6 6. Nge2 c5 7. d3 Nc6 8. O-O Rb8 9. a3 a6 10. Rb1 b5 11. cxb5 axb5 12. b4 Ne8 13. bxc5 dxc5 14. Rxb5 Rxb5 15. Nxb5 Qa5 16. a4 Nd6 17. Nxd6 exd6 18. Bd2 Nb4 19. Bc3 Bxc3 20. Nxc3 Ba6 21. Qd2 Nxd3 22. Rd1 Rb8 23. Nb5 Qxd2 24. Rxd2 Bxb5 25. axb5 c4 26. Bf1 Rxb5 27. Bxd3 cxd3 28. Rxd3 Rb6 29. g4 h6 30. Kg2 Kg7 31. Kg3 Ra6 32. Rd5 Kf6 33. h4 Ke6 34. h5 Ra3+ 35. f3 g5 36. Rf5 Rb3 37. Kf2 Rc3 38. f4 gxf4 39. Rxf4 f6 40. Rf5 Rc5 41. Rf3 Rc4 42. Ke3 Rc3+ 43. Kf4 Rc4 44. Ra3 Rc1 45. Ra7 Rf1+ 46. Ke3 Rg1 47. Rg7 Re1+ 48. Kf3 Rf1+ 49. Ke2 Rh1 50. Rg6 Ke5 51. Rxh6 Rh4 52. Kf3 Rh3+ 53. Kf2 Kxe4 54. Rxf6 Ke5 55. Rf3 Rh1 56. Kg2 Ra1 57. h6 Ra8 58. g5 1-0

[Event "DSOL 2021"]
[Site "Germany"]
[Date "2021.02.09"]
[Round "3.1"]
[White "Gallasch, Jonas"]
[Black "Voege, Tobias"]
[Result "1-0"]
[WhiteElo "2112"]
[BlackElo "2324"]
[Annotator "TA"]
[PlyCount "121"]
[EventDate "2021.01.18"]
[EventType "team-tourn"]
[EventCountry "GER"]
[SourceTitle "playchess.com"]
[Source "ChessBase"]
[SourceQuality "1"]

1. d4 d5 2. c4 e6 3. Nc3 a6 4. cxd5 exd5 5. Nf3 Nf6 6. Bg5 Be7 7. e3 O-O 8. Bd3 c6 9. Qc2 Nbd7 10. O-O Re8 11. h3 Nf8 12. Bf4 Ng6 13. Bh2 Bd6 14. Bxd6 Qxd6 15. Rab1 Qe7 16. Nd2 Be6 17. b4 Nh5 18. Nf3 Nf6 19. Rfc1 Nd7 20. Na4 Rad8 21. Nc5 Nxc5 22. bxc5 Bc8 23. Bf5 Rf8 24. Rb6 Bxf5 25. Qxf5 Rd7 26. Rcb1 f6 27. R1b3 Rf7 28. h4 Nf8 29. Qb1 g6 30. h5 Rg7 31. h6 Rf7 32. Rb2 Ne6 33. Nh2 Nd8 34. Ng4 Rc7 35. Qd1 Qe4 36. Qf3 Qxf3 37. gxf3 Kf8 38. Kg2 Ke7 39. e4 dxe4 40. fxe4 Ne6 41. Rxb7 Kd7 42. Rxc7+ Kxc7 43. Rd2 f5 44. Ne5 Re7 45. exf5 gxf5 46. Nc4 Ng5 47. d5 cxd5 48. Rxd5 Ne6 49. Rxf5 Nd4 50. Rd5 Ne6 51. Rf5 Nd4 52. Rg5 Ne6 53. Rg8 Nxc5 54. Ne3 Kd7 55. Nf5 Rf7 56. Nd4 Ne4 57. Rg7 Ke7 58. Nc6+ Kf6 59. Rg4 Ng5 60. Rf4+ Kg6 61. Ne5+ 1-0

[Event "DSOL 2021"]
[Site "Germany"]
[Date "2021.02.11"]
[Round "3.1"]
[White "Matthey, Harald"]
[Black "Kopylov, Daniel"]
[Result "1-0"]
[WhiteElo "2104"]
[BlackElo "2353"]
[Annotator "TA"]
[PlyCount "115"]
[EventDate "2021.01.18"]
[EventType "team-tourn"]
[EventCountry "GER"]
[SourceTitle "playchess.com"]
[Source "ChessBase"]
[SourceQuality "1"]

1. d4 Nf6 2. Nf3 g6 3. Bf4 Bg7 4. Nc3 d5 5. e3 O-O 6. h3 a6 7. Bd3 c5 8. dxc5 Qa5 9. Qd2 Nc6 10. O-O Re8 11. Ne5 Nh5 12. Nxc6 bxc6 13. Bh2 e5 14. Be2 Rb8 15. Rab1 Qxc5 16. Na4 Qb4 17. Qxb4 Rxb4 18. Nc5 a5 19. g4 Nf6 20. Nd3 Ne4 21. Nxb4 axb4 22. Rfd1 Be6 23. f3 Nc5 24. c3 bxc3 25. bxc3 Na4 26. Rdc1 Bh6 27. f4 exf4 28. Bxf4 Bg7 29. Rb3 Ra8 30. c4 d4 31. Ra3 Bf8 32. c5 dxe3 33. Bxe3 Ra5 34. Bd1 Bxc5 35. Bxc5 Rxc5 36. Rxc5 Nxc5 37. Bf3 f5 38. Rc3 Nd7 39. a4 c5 40. a5 c4 41. gxf5 gxf5 42. Bc6 Nc5 43. Ra3 Bc8 44. Bd5+ Kf8 45. Bxc4 Bb7 46. a6 Ba8 47. a7 Ke7 48. Rg3 Nd7 49. Rg7+ Kd6 50. Rg8 Nb6 51. Bf1 f4 52. Kf2 f3 53. Rb8 Kc5 54. h4 Be4 55. Ba6 Bc6 56. Bb7 Bxb7 57. Rxb7 Kc6 58. Rxb6+ 1-0

[Event "DSOL 2021"]
[Site "Germany"]
[Date "2021.02.10"]
[Round "3.1"]
[White "Weise, Martin"]
[Black "Boder, Jan"]
[Result "0-1"]
[WhiteElo "2090"]
[BlackElo "2186"]
[Annotator "TA"]
[PlyCount "64"]
[EventDate "2021.01.18"]
[EventType "team-tourn"]
[EventCountry "GER"]
[SourceTitle "playchess.com"]
[Source "ChessBase"]
[SourceQuality "1"]

1. Nf3 c5 2. e3 g6 3. d4 Bg7 4. Nbd2 Nf6 5. dxc5 Qa5 6. a3 Qxc5 7. c4 Qc7 8. b4 O-O 9. Bb2 a5 10. Be2 d5 11. cxd5 Nxd5 12. Bxg7 Kxg7 13. Rc1 Qd8 14. b5 Nd7 15. O-O N7f6 16. Qb3 Bg4 17. h3 Bxf3 18. Nxf3 e6 19. Qb2 Qe7 20. Ne5 Kg8 21. Bf3 Rfd8 22. Rfd1 Nb6 23. Qc3 Rdc8 24. Qd4 Nbd5 25. Nc4 Rc5 26. Qb2 Qc7 27. Ne5 Nc3 28. Rxc3 Rxc3 29. Nc6 Rc5 30. Qxf6 bxc6 31. bxc6 Rf8 32. g3 Rf5 0-1

[Event "DSOL 2021"]
[Site "Germany"]
[Date "2021.02.09"]
[Round "3.1"]
[White "Ophuels, Jan"]
[Black "Griebl, Joern"]
[Result "1-0"]
[WhiteElo "2080"]
[BlackElo "2249"]
[Annotator "TA"]
[PlyCount "29"]
[EventDate "2021.01.18"]
[EventType "team-tourn"]
[EventCountry "GER"]
[SourceTitle "playchess.com"]
[Source "ChessBase"]
[SourceQuality "1"]

1. e4 c5 2. Nf3 d6 3. Bb5+ Nd7 4. O-O Ngf6 5. Re1 a6 6. Bd3 g6 7. c3 Bg7 8. Bc2 O-O 9. d4 e5 10. h3 Re8 11. d5 Rf8 12. a4 Nh5 13. Nbd2 Nf4 14. Nc4 Nf6 15. Be3 1-0

[Event "DSOL 2021"]
[Site "Germany"]
[Date "2021.02.11"]
[Round "3.1"]
[White "Balov, Darko"]
[Black "Pruefer, Friedbert"]
[Result "1/2-1/2"]
[WhiteElo "2063"]
[BlackElo "1778"]
[Annotator "TA"]
[PlyCount "61"]
[EventDate "2021.01.18"]
[EventType "team-tourn"]
[EventCountry "GER"]
[SourceTitle "playchess.com"]
[Source "ChessBase"]
[SourceQuality "1"]

1. Nf3 Nf6 2. b4 g6 3. Bb2 Bg7 4. c4 O-O 5. d4 d5 6. e3 a5 7. b5 c6 8. a4 cxb5 9. cxb5 Bf5 10. Be2 Nbd7 11. Nc3 Nb6 12. Nd2 Rc8 13. O-O Re8 14. Qb3 e5 15. dxe5 Nfd7 16. Rfd1 Nxe5 17. Nf3 Nec4 18. Nd4 Nxb2 19. Qxb2 Nc4 20. Qb3 Be6 21. Rac1 Qg5 22. Nxe6 fxe6 23. Bxc4 Rxc4 24. Ne2 Rec8 25. Rxc4 Rxc4 26. Nf4 Qe5 27. b6 Rb4 28. Qc2 Rc4 29. Qb3 Rb4 30. Qc2 Rc4 31. Qb3 1/2-1/2

[Event "DSOL 2021"]
[Site "Germany"]
[Date "2021.02.09"]
[Round "3.1"]
[White "Schulze-Schwering, Philipp"]
[Black "Hahn, Markus"]
[Result "0-1"]
[WhiteElo "2012"]
[BlackElo "2264"]
[Annotator "TA"]
[PlyCount "52"]
[EventDate "2021.01.18"]
[EventType "team-tourn"]
[EventCountry "GER"]
[SourceTitle "playchess.com"]
[Source "ChessBase"]
[SourceQuality "1"]

1. d4 e6 2. Nf3 Nf6 3. g3 d5 4. Bg2 Be7 5. O-O O-O 6. c4 dxc4 7. Qc2 b5 8. a4 b4 9. Qxc4 Ba6 10. Qc2 Nbd7 11. Ne5 Nxe5 12. Bxa8 Qxa8 13. dxe5 Ng4 14. Bf4 g5 15. h3 gxf4 16. hxg4 fxg3 17. fxg3 Qd5 18. Nd2 Qxe5 19. Ne4 f5 20. gxf5 exf5 21. Qb3+ Kh8 22. Nf2 Rg8 23. Kh2 Bd6 24. Nh1 Qxe2+ 25. Rf2 Qh5+ 26. Kg1 Bb7 0-1

[Event "DSOL 2021"]
[Site "Germany"]
[Date "2021.02.12"]
[Round "3.1"]
[White "Toellner, Uwe"]
[Black "Gustain, Marc"]
[Result "1/2-1/2"]
[WhiteElo "1973"]
[BlackElo "2171"]
[Annotator "TA"]
[PlyCount "77"]
[EventDate "2021.01.18"]
[EventType "team-tourn"]
[EventCountry "GER"]
[SourceTitle "playchess.com"]
[Source "ChessBase"]
[SourceQuality "1"]
[WhiteTeam "Eckernförder SC I "]
[BlackTeam "SF Deizisau II"]

1. e4 c5 2. Nc3 a6 3. g3 b5 4. Bg2 Bb7 5. d3 e6 6. f4 Be7 7. Nf3 Nf6 8. e5 Nd5 9. Ne4 Qc7 10. Qe2 f5 11. exf6 Nxf6 12. Ne5 O-O 13. O-O Nc6 14. c3 Nxe5 15. fxe5 Nxe4 16. Rxf8+ Rxf8 17. Bxe4 Bxe4 18. Qxe4 Rf5 19. d4 d5 20. exd6 Qxd6 21. Be3 Qd5 22. Qxd5 Rxd5 23. Re1 cxd4 24. Bxd4 Kf7 25. Kf2 Bf6 26. Re4 e5 27. Bb6 Rd2+ 28. Re2 Rxe2+ 29. Kxe2 Ke6 30. Kd3 Kd5 31. b3 e4+ 32. Kd2 h5 33. Be3 g5 34. h3 g4 35. hxg4 hxg4 36. Bf4 Bg7 37. Bc7 Bh6+ 38. Ke2 Bg5 39. Bb8 1/2-1/2

[Event "DSOL 2021"]
[Site "Germany"]
[Date "2021.02.09"]
[Round "3.1"]
[White "Di Capua, Francesco Stefano"]
[Black "Dannhaeuser, Kevin"]
[Result "0-1"]
[WhiteElo "1956"]
[BlackElo "2046"]
[Annotator "RC"]
[PlyCount "42"]
[EventDate "2021.01.18"]
[EventType "team-tourn"]
[EventCountry "GER"]
[SourceTitle "playchess.com"]
[Source "ChessBase"]
[SourceQuality "1"]

1. e4 c5 2. Nf3 e6 3. d4 cxd4 4. Nxd4 Nc6 5. Nc3 Qc7 6. Be3 a6 7. Be2 Nf6 8. a3 Be7 9. Nxc6 bxc6 10. Qd2 d5 11. exd5 cxd5 12. O-O Bb7 13. Bf3 Nd7 14. Bf4 Bd6 15. Bxd6 Qxd6 16. Rfe1 O-O 17. Qd4 Rfc8 18. Rad1 Rab8 19. Qh4 Ne5 20. Bh5 Qc7 21. Rxe5 Qxe5 0-1